000 00720nam a2200205 a 4500
001 000299349
003 AM-YeHGA
005 20250618071930.0
008 040114s1986 ai ||||gr|||||||||1|arm|d
040 _aAM-YeHGA
041 0 _aarm
100 1 _aՍարգսյան, Լիպարիտ Տիգրանի,
_d1938-2023
_91060
245 1 0 _aՎահագնի :
_b[Վիպակ] /
_cԼ. Սարգսյան ; Խմբ.՝ Էդ. Ավագյան.
260 _aԵրևան :
_bՍովետական գրող,
_c1986.
300 _a312 էջ ;
_c22 սմ.
650 1 4 _aՀայ գրականություն
_xՎիպակ
700 1 _aԱվագյան, Էդուարդ Սամվելի,
_d1927-2010
_eխմբ.
_4edt
_91279
942 _2udc
_cBK
090 _c111450
999 _c110116
_d110116